Harry Potter and the Philosopher's Stone Chapter 3 - Statistics

General Stats
  • This quiz has been taken 296 times
  • The average score is 5 of 10
Answer Stats
Question Answer % Correct
What did Vernon do with the letter? He burnt it
85%
What secondary school was Dudley going to in September? Smeltings
79%
Who did Dudley knock down on his first time on his racing bike? Mrs Figg
67%
Which of these are NOT in Dudley's gang? Joel
63%
How many bananas were included in Vernon's rations? 4
42%
Which hotel did the Dursleys go to? Railview Hotel
42%
How many TV programmes did Dudley miss the day they moved out of 4 Privet Drive? 5
31%
What colour was the envelope that contained the letter? Brown
31%
After how many letters did Vernon nail the letterbox up? 3
25%
What sound is made as Harry turns 11? BANG.
21%
No matching quizzes found
Score Distribution
Percent of People with Each Score
Percentile by Number Answered
Your Score History
You have not taken this quiz